[Event "LADAC CAAPE 8th corr"]
[Site "Argentina"]
[Date "2003.??.??"]
[Round "?"]
[White "Pianzola, Gustavo"]
[Black "Peralta, Jorge"]
[Result "0-1"]
[WhiteElo "2100"]
[BlackElo "2100"]
[PlyCount "160"]
[EventDate "2003.??.??"]
[EventType "swiss (corr)"]
[EventRounds "7"]
[EventCountry "ARG"]
[SourceTitle "Corr 2006"]
[Source "ChessBase"]
[SourceDate "2006.04.01"]
[SourceVersion "3"]
[SourceVersionDate "2006.04.01"]
[SourceQuality "1"]

1. d4 Nf6 2. c4 d5 3. cxd5 e6 4. dxe6 Bxe6 5. Nc3 c5 6. Nf3 Nc6 7. e3 cxd4 8. Nxd4 Bb4 9. Qa4 Qd6 10. Bd2 0-0 11. Nxc6 bxc6 12. Be2 Rad8 13. Rd1 Qb8 14. Qxc6 Bxa2 15. Qb5 Qxb5 16. Bxb5 Bb3 17. Ra1 a6 18. Be2 Rd6 19. Bc1 a5 20. 0-0 Rfd8 21. Na2 Bc5 22. h3 a4 23. Nc3 Bb4 24. Bf3 Ra6 25. Na2 Ba5 26. Nc3 Bb4 27. Bd1 Bxd1 28. Nxd1 Ne4 29. Nc3 Nxc3 30. bxc3 Bxc3 31. Ra2 f6 32. Ba3 Rb6 33. Bc5 Rb5 34. Ba7 Rb4 35. f4 Rb2 36. Rxa4 Rdd2 37. Rc1 Rxg2+ 38. Kh1 Rh2+ 39. Kg1 Rbg2+ 40. Kf1 Rd2 41. Kg1 Rhg2+ 42. Kh1 Bb2 43. Rc8+ Kf7 44. Rb4 Kg6 45. Rc7 Rh2+ 46. Kg1 Rxh3 47. Rb5 Rg3+ 48. Kf1 Rf3+ 49. Kg1 Rff2 50. Rd5 Rg2+ 51. Kh1 Rh2+ 52. Kg1 Rdg2+ 53. Kf1 Ba3 54. f5+ Kh5 55. Rd1 Rf2+ 56. Kg1 Rhg2+ 57. Kh1 Rg4 58. Rd4 Rf1+ 59. Kh2 Rg5 60. Rd3 Bb2 61. Bd4 Rf2+ 62. Kh1 Rfxf5 63. Rc2 Rf1+ 64. Kh2 Bc1 65. Rdc3 Rgg1 66. Rc7 Ba3 67. Rd7 Rg4 68. Rd2 Bb4 69. Ra2 Be1 70. Rb2 Bg3+ 71. Kg2 Rf5 72. Kh1 Bf2 73. Rd5 Rxd5 74. Rxf2 Rdg5 75. Ra2 Rh4+ 76. Rh2 Rxh2+ 77. Kxh2 Kg4 78. Kg2 h5 79. e4 Kf4+ 80. Kh3 Kxe4 0-1